Science quiz book (Record no. 63476)

000 -LEADER
fixed length control field 00482nam a22001937a 4500
003 - CONTROL NUMBER IDENTIFIER
control field NUST - PNEC
005 - DATE AND TIME OF LATEST TRANSACTION
control field 20170116180814.0
008 - FIXED-LENGTH DATA ELEMENTS--GENERAL INFORMATION
fixed length control field 150518b xxu||||| |||| 00| 0 eng d
020 ## - INTERNATIONAL STANDARD BOOK NUMBER
International Standard Book Number -
040 ## - CATALOGING SOURCE
Transcribing agency LIBRARY
082 ## - DEWEY DECIMAL CLASSIFICATION NUMBER
Classification number 500 GAR
100 ## - MAIN ENTRY--PERSONAL NAME
9 (RLIN) 3554
Personal name Garg, Rajeev,
245 ## - TITLE STATEMENT
Title Science quiz book
Statement of responsibility, etc. Rajeev Garg.
250 ## - EDITION STATEMENT
Edition statement 9th ed .
260 ## - PUBLICATION, DISTRIBUTION, ETC.
Place of publication, distribution, etc. India:
Name of publisher, distributor, etc. New Delhi,
Date of publication, distribution, etc. c 1992.
300 ## - PHYSICAL DESCRIPTION
Extent 111 p . :
650 ## - SUBJECT ADDED ENTRY--TOPICAL TERM
9 (RLIN) 3555
Topical term or geographic name entry element Science quiz book.
General subdivision Science
942 ## - ADDED ENTRY ELEMENTS (KOHA)
Source of classification or shelving scheme
Koha item type Book
Holdings
Withdrawn status Lost status Source of classification or shelving scheme Damaged status Not for loan Permanent Location Current Location Shelving location Date acquired Source of acquisition Cost, normal purchase price Total Checkouts Full call number Barcode Date last seen Cost, replacement price Price effective from Koha item type
          Pakistan Navy Engineering College (PNEC) Pakistan Navy Engineering College (PNEC)   01/02/1994 Pak American Commercial ( Library Grant ) 31.50   500 GAR PNECLIB-017641 05/18/2015 31.50 01/02/1994 Book
© 2023 Central Library, National University of Sciences and Technology. All Rights Reserved.